[Event "Let's Play Chess!"]
[Site "http://www.queenalice.com/game.php?id=1599573"]
[Date "2020.2.15"]
[Round "-"]
[White "Martin10"]
[Black "bobifixer"]
[Result "0-1"]
[WhiteElo "1300"]
[BlackElo "1908"]

1. e4 c5 2. Bc4 e6 3. e5 d5 4. exd6 Bxd6 5. Nf3 Nf6 6. O-O O-O 7. Nc3 a6 8. a4
Nc6 9. d4 cxd4 10. Nxd4 Nxd4 11. Be3 Nf5 12. Re1 Nxe3 13. Rxe3 Qc7 14. g3 Bxg3
15. Rxg3 Qxc4 16. b3 Qf4 17. Qe2 Bd7 18. Qd3 Bc6 19. Ne2 Qe5 20. Re3 Qxa1+ 0-1

[Event "Let's Play Chess!"]
[Site "http://www.queenalice.com/game.php?id=1599575"]
[Date "2020.2.15"]
[Round "-"]
[White "josebaron"]
[Black "Martin10"]
[Result "1/2-1/2"]
[WhiteElo "1961"]
[BlackElo "1100"]

1. e4 e5 2. Bc4 Bc5 3. Nf3 Nc6 4. h3 Nf6 5. Nc3 O-O 6. O-O d6 7. d3 h6 8. a4 a5
9. Nd5 Nxd5 10. exd5 Ne7 11. c3 Ng6 12. d4 exd4 13. cxd4 Bb6 14. Re1 Qf6 15. Be3
Bd7 16. Qb3 Bf5 17. Bd3 Ne7 18. Bxf5 Nxf5 19. Rad1 Ne7 20. Rd3 Rfb8 21. Rc1 Ra6
22. Qc4 Qf5 23. Nh4 Qe4 24. g3 Rc8 25. f3 Qh7 26. Rdc3 Ng6 27. Nxg6 Qxg6 28. Qd3
Qxg3+ 29. Kf1 Qxf3+ 30. Bf2 Qxd5 31. Qf3 Qg5 32. Qxb7 1/2-1/2

[Event "Let's Play Chess!"]
[Site "http://www.queenalice.com/game.php?id=1599635"]
[Date "2020.2.17"]
[Round "-"]
[White "Martin10"]
[Black "beginat63"]
[Result "0-1"]
[WhiteElo "1249"]
[BlackElo "1663"]

1. e4 e5 2. Bc4 Nf6 3. Nc3 Be7 4. Nf3 d6 5. h3 c6 6. d4 b5 7. Bb3 O-O 8. d5 cxd5
9. Nxd5 Nxe4 10. O-O Nd7 11. c4 bxc4 12. Bxc4 Ndc5 13. Be3 Bf5 0-1

[Event "Let's Play Chess!"]
[Site "http://www.queenalice.com/game.php?id=1599638"]
[Date "2020.2.17"]
[Round "-"]
[White "Martin10"]
[Black "beginat63"]
[Result "0-1"]
[WhiteElo "1249"]
[BlackElo "1665"]

1. e4 e5 2. Bc4 Nc6 3. Qf3 Nf6 4. Ne2 Bc5 5. c3 O-O 6. d3 a6 7. a4 Be7 8. O-O d6
9. h3 Be6 10. Nd2 Bxc4 11. Nxc4 d5 0-1

[Event "Let's Play Chess!"]
[Site "http://www.queenalice.com/game.php?id=1599858"]
[Date "2020.2.18"]
[Round "-"]
[White "Martin10"]
[Black "charles31"]
[Result "0-1"]
[WhiteElo "1300"]
[BlackElo "1782"]

1. e4 e5 2. Bc4 Nf6 3. Nc3 a6 4. a4 Bb4 5. Nd5 Nxd5 6. Bxd5 d6 7. Qf3 Qe7 8. c3
Ba5 9. b4 Bb6 10. a5 Ba7 11. Ne2 c6 12. Bb3 Nd7 13. d4 exd4 14. Nxd4 Nf6 15. h3
d5 16. e5 Qxe5+ 17. Be3 Be6 18. O-O h6 19. Bc2 c5 20. Bf4 Qh5 21. Qxh5 Nxh5 22.
Ne2 cxb4 23. cxb4 b5 24. Be5 O-O 25. Bd1 f6 26. Bd4 Bxd4 27. Nxd4 Bf7 28. Bb3 g6
29. Nc6 Kg7 30. Rfe1 Nf4 31. Re7 Rfe8 32. Rae1 Kf8 33. Ba2 Rxe7 34. Rxe7 Rc8 35.
Ra7 Rxc6 36. Kh2 Rc2 37. Ra8+ Be8 38. Bb1 Rb2 39. Rxa6 Rxb1 40. Rxf6+ Ke7 41.
Rxf4 Bc6 42. Rd4 g5 43. Rg4 Rc1 44. f3 Rc4 45. h4 Rxg4 46. fxg4 d4 47. Kg1 Ke6
48. Kf1 Ke5 49. Kf2 Kf4 50. a6 Kxg4 51. g3 d3 52. Ke3 Kxg3 53. Kxd3 gxh4 54. Kd4
h3 0-1

[Event "Let's Play Chess!"]
[Site "http://www.queenalice.com/game.php?id=1599936"]
[Date "2020.2.18"]
[Round "-"]
[White "Martin10"]
[Black "Olavio"]
[Result "0-1"]
[WhiteElo "1100"]
[BlackElo "1851"]

1. e4 e5 2. Nf3 d5 3. d3 Qd6 4. exd5 Qxd5 5. Nc3 Qe6 6. Be2 Bd6 7. O-O Qg6 8.
Bg5 f6 9. Nd5 Bg4 10. Bh4 Ne7 11. Ne3 h5 12. c4 c5 13. Bg3 Nbc6 14. Qb3 Rb8 15.
Nh4 Qg5 16. Qd1 Nd4 17. Bxg4 hxg4 18. Nxg4 Rxh4 19. Bxh4 Qxh4 20. h3 Ng6 21. Nh2
Nf4 22. Nf3 Nxf3+ 23. Qxf3 g5 24. g3 Nxh3+ 25. Kg2 Qh6 26. Rh1 Qg6 27. Rxh3 g4
28. Rh8+ Ke7 29. Rxb8 gxf3+ 30. Kxf3 Qxd3+ 31. Kg2 e4 32. Rxb7+ Ke6 33. Rxa7 Qc2
34. b3 e3 35. Kf1 Qxf2# 0-1

[Event "Let's Play Chess!"]
[Site "http://www.queenalice.com/game.php?id=1599937"]
[Date "2020.2.18"]
[Round "-"]
[White "Martin10"]
[Black "Olavio"]
[Result "1-0"]
[WhiteElo "1100"]
[BlackElo "1851"]

1. e4 e5 2. Nf3 d5 3. d3 c6 4. Nxe5 dxe4 5. Ng4 Bc5 6. Bf4 Qh4 7. Be2 Bxg4 8. g3
Qf6 9. Bxg4 g5 10. Be3 Bxe3 11. fxe3 Qxb2 12. Nd2 Nf6 13. Bc8 Nd5 14. Nb3 Nc3
15. Qd2 Nxa2 16. Bxb7 exd3 17. Qxd3 Nc3 18. O-O Nd5 19. Qf5 Nd7 20. Qxf7+ Kd8
21. Bxa8 Rf8 22. Qxh7 Rh8 23. Qg6 Kc7 24. Qxc6+ Kd8 25. Qxd5 Qxc2 26. Qxg5+ Kc8
27. Rfc1 Qxc1+ 28. Rxc1+ Kb8 29. Qd5 a5 30. Qb7# 1-0

[Event "Let's Play Chess!"]
[Site "http://www.queenalice.com/game.php?id=1599938"]
[Date "2020.2.18"]
[Round "-"]
[White "goodknight57"]
[Black "Martin10"]
[Result "1-0"]
[WhiteElo "1249"]
[BlackElo "1300"]

1. e4 e5 2. Nf3 Nc6 3. d4 exd4 4. Nxd4 Qf6 5. Nxc6 Qxc6 6. Nc3 Nf6 7. Bd3 Bc5 8.
O-O d6 9. Bb5 Bd7 10. Bxc6 Bxc6 11. Re1 O-O-O 12. Bg5 h6 13. Bxf6 gxf6 14. Nd5
Bxd5 15. Qxd5 Rd7 16. Qf5 Bd4 17. c3 Be5 18. f4 Rg8 19. fxe5 fxe5 20. Re3 Rg5
21. Qh7 Rg6 22. Rf3 Kd8 23. Rxf7 1-0

[Event "AUTO-BEG-668"]
[Site "http://www.queenalice.com/game.php?id=1599964"]
[Date "2020.2.18"]
[Round "1"]
[White "Joepac"]
[Black "Martin10"]
[Result "1-0"]
[WhiteElo "2138"]
[BlackElo "1266"]

1. d4 d5 2. c4 Nf6 3. cxd5 Nxd5 4. e4 Nf6 5. Nc3 e6 6. Nf3 Nbd7 7. Bd3 Bb4 8.
O-O O-O 9. e5 Ng4 10. Bxh7+ Kxh7 11. Ng5+ Kg8 12. Qxg4 Be7 13. Nce4 Bxg5 14.
Nxg5 Nf6 15. exf6 Qxf6 16. Nf3 e5 17. Qe4 exd4 18. Bg5 Bf5 19. Bxf6 Bxe4 20.
Bxd4 Bd3 21. Rfd1 Be4 22. Ng5 Bc6 23. Be3 Be8 24. Bc5 Ba4 25. b3 Bxb3 26. axb3
Rfe8 27. Rd7 Rec8 28. Rxf7 Kh8 29. Bd4 1-0

[Event "AUTO-BEG-668"]
[Site "http://www.queenalice.com/game.php?id=1599965"]
[Date "2020.2.18"]
[Round "1"]
[White "Martin10"]
[Black "Joepac"]
[Result "0-1"]
[WhiteElo "1300"]
[BlackElo "2061"]

1. e4 c5 2. Bc4 e6 3. e5 Nc6 4. Nf3 Qc7 5. O-O Nxe5 6. Nxe5 Qxe5 7. Qf3 Bd6 8.
Qh3 Ne7 9. Nc3 a6 10. b3 b5 11. Bd3 Ng6 12. Be4 Rb8 13. Bf3 b4 14. Ne2 Qxa1 15.
Qg4 Ne5 16. Qxg7 Nxf3+ 17. gxf3 Qxg7+ 0-1

[Event "Challenge"]
[Site "http://www.queenalice.com/game.php?id=1600695"]
[Date "2020.2.25"]
[Round "-"]
[White "Martin10"]
[Black "Olavio"]
[Result "0-1"]
[WhiteElo "1228"]
[BlackElo "1771"]

1. e4 e5 2. Nf3 Nc6 3. Nc3 Bc5 4. Bc4 Nf6 5. O-O d6 6. d3 Bg4 7. Nd5 Bxf3 8.
Qxf3 Nd4 9. Qg3 Ne2+ 10. Kh1 Nxg3+ 11. fxg3 Ng4 12. Nc3 Nf2+ 13. Kg1 Qf6 14. Bd2
Nxe4+ 0-1

[Event "AUTO-OPEN-4140"]
[Site "http://www.queenalice.com/game.php?id=1600799"]
[Date "2020.2.26"]
[Round "1"]
[White "fabricioprado"]
[Black "Martin10"]
[Result "1-0"]
[WhiteElo "1810"]
[BlackElo "1228"]

1. d4 d5 2. c4 dxc4 3. Nc3 e6 4. Bf4 Bb4 5. e3 Nf6 6. Bxc4 Bxc3+ 7. bxc3 O-O 8.
Nf3 Nc6 9. O-O Qe7 10. a4 a5 11. Qb3 1-0

[Event "AUTO-OPEN-4140"]
[Site "http://www.queenalice.com/game.php?id=1600800"]
[Date "2020.2.26"]
[Round "1"]
[White "Martin10"]
[Black "fabricioprado"]
[Result "0-1"]
[WhiteElo "1228"]
[BlackElo "1812"]

1. e4 e5 2. Nf3 Nc6 3. Nc3 Nf6 4. Bb5 d6 5. h3 Bd7 6. O-O Be7 7. d3 a6 8. Bc4 b5
9. Bb3 O-O 10. Be3 Na5 11. Qd2 Nxb3 0-1

[Event "AUTO-OPEN-4140"]
[Site "http://www.queenalice.com/game.php?id=1600829"]
[Date "2020.2.26"]
[Round "1"]
[White "Martin10"]
[Black "Rafale2000"]
[Result "0-1"]
[WhiteElo "1266"]
[BlackElo "1937"]

1. e4 Nf6 2. Nc3 d5 3. Qf3 Bg4 4. Qg3 dxe4 5. d4 Qxd4 6. Be3 Qd6 7. Bf4 Qb6 8.
Bxc7 Qxb2 9. Rb1 Nh5 10. Qxg4 Qxc3+ 11. Kd1 Qxc7 12. Qxe4 Nc6 13. Nf3 O-O-O+ 14.
Bd3 Nf6 15. Qc4 e5 16. Nd2 Rd4 17. Qb3 Rb4 0-1

[Event "AUTO-OPEN-4140"]
[Site "http://www.queenalice.com/game.php?id=1600830"]
[Date "2020.2.26"]
[Round "1"]
[White "Rafale2000"]
[Black "Martin10"]
[Result "1-0"]
[WhiteElo "1939"]
[BlackElo "1266"]

1. e4 e5 2. Nf3 Nc6 3. d4 d6 4. dxe5 Nxe5 5. Nxe5 dxe5 6. Qxd8+ Kxd8 7. Bc4 f6
8. O-O Bg4 9. f3 Bd7 10. Be3 b6 11. Nc3 Ne7 12. Rad1 c5 13. Be6 Nc6 14. Bxd7 Kc7
15. Nb5+ Kb7 16. Nd6+ Bxd6 17. Rxd6 Kc7 18. Rfd1 1-0